Statistics for Lana Del Rey- Summertime Sadness (All Lyrics)

Click here to take the quiz!

General Stats

  • This quiz has been taken 178 times
  • The average score is 265 of 312

Answer Stats

Lyrics% Correct
su-
100%
Su-
100%
go,
99%
go
99%
I
99%
sadness
99%
summertime,
99%
Summertime
99%
summertime
99%
the
97%
got
96%
Got
96%
that
96%
That,
96%
to
96%
a
95%
on
95%
you
95%
baby,
93%
dress
93%
me
93%
my
93%
tonight
93%
before
92%
red
92%
in
91%
Kiss
91%
best
90%
just
90%
know
90%
Oh,
90%
oh
90%
oh-
90%
wanted
90%
feel
87%
hard
87%
God,
85%
I'm
84%
it
82%
like
82%
Like
82%
Nothin'
80%
anymore
79%
scares
77%
I'll
76%
moonlight
76%
dark
75%
Dancin'
74%
feelin'
74%
pale
74%
air
73%
alive
70%
forever
70%
miss
70%
fire,
69%
Honey,
69%
if
69%
beauty
68%
stars
68%
Think
68%
die
67%
above
66%
queen
66%
sun
66%
electric
65%
happy
65%
you're
65%
everywhere
64%
hair
64%
(One,
64%
sky
64%
style
64%
three,
63%
two,
63%
real
62%
are
61%
heels
61%
High
61%
four)
59%
mornin'
59%
big,
58%
Telephone
57%
up
57%
off,
56%
sizzlin'
56%
wires
56%
than
55%
gonna
54%
snare
54%
better
53%
heavenly
52%
never
52%
Done
51%
side
50%
by
49%
gone,
48%
99
47%
bad
47%
Even
47%
down
45%
goin'
44%
drive
41%
(drive),
41%
Cruisin'
40%
'bout
37%
Later's
37%
coast
34%
boy
13%

Score Distribution

Percentile by Number Answered

Percent of People with Each Score

Your Score History

You have not taken this quiz